| 000 | 00501nam a22001817a 4500 | ||
|---|---|---|---|
| 003 | NUST | ||
| 005 | 20230106081058.0 | ||
| 008 | 230106b ||||| |||| 00| 0 eng d | ||
| 020 | _a9780199409594 | ||
| 082 | _a891.4392,SHA | ||
| 100 |
_aHaqi, Shan Ul Haq _9106771 |
||
| 245 |
_aNook Jhook “نوک جھوک” / _cShan Ul Haq Haqi |
||
| 260 |
_aOxford University Press _bKarchai _c2019 |
||
| 300 | _a263 p | ||
| 650 |
_aUrdu Novels _9106772 |
||
| 651 |
_aTanzo Mazah _9106773 |
||
| 942 |
_2ddc _cBK |
||
| 999 |
_c592910 _d592910 |
||